000 00821nam a2200265 4500
001 sa 68012030
003 DLC
005 20260227112606.0
008 691014s1968 pk 00000 eng
010 _asa 68012030
025 _aPL480:EP-B-518
050 0 _aJQ552
_b.Z1A75
082 _a354.549/006
100 0 0 _aAli Ahmed.
245 1 _aRole of higher civil servants in Pakistan.
250 _a[1st ed.]
260 0 _aDacca,
_bNational Institute of Public Administration
_c[1968]
300 _axvi, 502, [3] p.
_c25 cm.
350 _a15.00
500 _a"Thesis approved for the degree of Doctor of Philosophy at the University of Bristol."
504 _aBibliography: p. [487]-[504]
650 0 _aCivil service
_zPakistan.
650 0 _aExecutives
_zPakistan.
650 0 _aCivil service
_zIndia
_xHistory.
999 _c84259
_d84259